Entry Personal Name
Number of records used in: 1
001 - CONTROL NUMBER
003 - CONTROL NUMBER IDENTIFIER
005 - DATE AND TIME OF LATEST TRANSACTION
- control field:
20220106152229.0
008 - FIXED-LENGTH DATA ELEMENTS
- fixed length control field:
200622n| azannaabn |a aaa
010 ## - LIBRARY OF CONGRESS CONTROL NUMBER
- LC control number:
n 2020033758
- Canceled/invalid LC control number:
n 2002093392
040 ## - CATALOGING SOURCE
- Original cataloging agency:
DLC
- Language of cataloging:
eng
- Description conventions:
rda
- Transcribing agency:
DLC
- Modifying agency:
DLC
100 1# - HEADING--PERSONAL NAME
- Personal name:
Seaman Kelly, Jan
400 1# - SEE FROM TRACING--PERSONAL NAME
- Control subfield:
nne
- Personal name:
Kelly, Jan Seaman
670 ## - SOURCE DATA FOUND
- Source citation:
Forensic document examination in the 21st century, 2021:
- Information found:
ECIP title page (Jan Seaman Kelly)